[Event "Open A"]
[Site "Djakovo CRO"]
[Date "2006.05.02"]
[Round "4"]
[White "Sulc,D"]
[Black "Bender,I"]
[Result "0-1"]
[WhiteElo "2312"]
[BlackElo "2312"]

1.e4 c5 2.Nf3 d6 3.d4 cxd4 4.Nxd4 Nf6 5.Nc3 a6 6.Be3 e5 7.Nb3 Be6 8.f3 Be7
9.Qd2 O-O 10.O-O-O Nbd7 11.g4 b5 12.g5 b4 13.Ne2 Ne8 14.f4 a5 15.Kb1 a4 16.Nbc1 b3
17.cxb3 axb3 18.a3 f5 19.Bg2 Nc7 20.Nc3 Ra6 21.Nd3 Nb6 22.Bxb6 Rxb6 23.Nd5 Bxd5
24.exd5 e4 25.Nb4 Qa8 26.Rc1 Nb5 27.Nc6 Re8 28.h4 Bf8 29.Rh3 g6 30.Bf1 Nxa3+
31.bxa3 Qxa3 32.Qa5 Qxa5 33.Nxa5 e3 34.Nc4 e2 35.Bxe2 Rb4 36.Bd1 b2 37.Nxb2 Reb8
38.Rc2 Bg7 39.Rhh2 Rxf4 40.Kc1 Rfb4 41.Nd3 Rd4 42.Kd2 Be5 43.Rh3 h6 44.gxh6 Kh7
45.Bf3 Kxh6 46.Ke2 Bf6 47.Bg2 Re8+ 48.Kf1 Bxh4 49.Re2 Ra8 50.Re6 Ra1+ 51.Ke2 Kg5
52.Ke3 Rg4 53.Bf3 f4+ 54.Ke4 Ra4+ 55.Nb4 Rxb4+ 56.Kd3 Rg3 57.Rxg3+ fxg3 58.Be4 Rxe4  0-1

[Event "President's Cup"]
[Site "Baku AZE"]
[Date "2006.05.05"]
[Round "2"]
[White "Sadvakasov,D"]
[Black "Baladjaev,G"]
[Result "1-0"]
[WhiteElo "2619"]
[BlackElo "2164"]

1.e4 c5 2.Nf3 d6 3.d4 cxd4 4.Nxd4 Nf6 5.Nc3 a6 6.Be3 Ng4 7.Bg5 h6 8.Bh4 g5
9.Bg3 Bg7 10.h3 Ne5 11.f3 Nbc6 12.Bf2 Nxd4 13.Bxd4 Be6 14.h4 Rg8 15.hxg5 hxg5
16.Qd2 Qa5 17.a3 Rc8 18.O-O-O Nc4 19.Bxc4 Bxd4 20.Qxd4 Rxc4 21.Qd3 Qc7 22.Ne2 Rc5
23.Nd4 Bd7 24.Kb1 Bb5 25.Qd2 Bd7 26.Rh7 Ba4 27.b3 Bd7 28.Rdh1 Qa5 29.b4 Qb6
30.Rh8 Kf8 31.g4 Rxh8 32.Rxh8+ Kg7 33.Qh2 Kf6 34.e5+  1-0

[Event "4th TCh-SCG"]
[Site "Vrnjacka Banja SCG"]
[Date "2006.05.05"]
[Round "5"]
[White "Simic,Dragi"]
[Black "Paunovic,T"]
[Result "1/2-1/2"]
[WhiteElo "2319"]
[BlackElo "2355"]

1.e4 c5 2.Nf3 d6 3.d4 cxd4 4.Nxd4 Nf6 5.Nc3 a6 6.Be3 e5 7.Nb3 Be6 8.Be2 Be7
9.Qd2 Nbd7 10.f4 b5 11.a3  1/2-1/2

[Event "FSIMA May"]
[Site "Budapest HUN"]
[Date "2006.05.10"]
[Round "5"]
[White "Sanchez,Lo"]
[Black "Galyas,M"]
[Result "0-1"]
[WhiteElo "2284"]
[BlackElo "2380"]

1.e4 c5 2.Nf3 d6 3.d4 cxd4 4.Nxd4 Nf6 5.Nc3 a6 6.Be3 e5 7.Nb3 Be6 8.f3 Nbd7
9.Qd2 b5 10.a4 b4 11.Nd5 Bxd5 12.exd5 Nb6 13.Bxb6 Qxb6 14.a5 Qb7 15.O-O-O g6
16.g4 Bg7 17.h4 h5 18.g5 Nd7 19.Bh3 O-O 20.Bxd7 Qxd7 21.Qxb4 Rab8 22.Qe4 Rfc8
23.Kb1 Qb5 24.Qd3 Rc4 25.Rh2 Rd4 26.Qf1 Rxd5 27.Rf2 Rxd1+ 28.Qxd1 d5 29.Rd2 d4
30.Qe2 f5 31.gxf6 Qxe2 32.Rxe2 Bxf6 33.Re4 Kf7 34.f4 Rb5 35.fxe5 Rxe5 36.Rxe5 Bxe5
37.Kc1 g5 38.Kd2 gxh4 39.Ke2 h3 40.Kf3 Ke6 41.Nc5+ Kd5 42.Nxa6 Bd6  0-1

[Event "May Roses Cup"]
[Site "Bucharest ROM"]
[Date "2006.05.11"]
[Round "7"]
[White "Hermansson,E"]
[Black "Burnoiu,N1"]
[Result "0-1"]
[WhiteElo "2441"]
[BlackElo "2424"]

1.e4 c5 2.Nf3 d6 3.d4 cxd4 4.Nxd4 Nf6 5.Nc3 a6 6.Be3 e5 7.Nb3 Be6 8.f3 Nc6
9.Qd2 d5 10.exd5 Nxd5 11.Nxd5 Qxd5 12.Qxd5 Bxd5 13.O-O-O O-O-O 14.Bd3 g6
15.Rhe1 f5 16.Bg5 Rd6 17.c3 Kc7 18.Bc2 Bg7 19.Nc5 Re8 20.Rd2 Bf8 21.Nxb7 Kxb7
22.Red1 h6 23.Bh4 g5 24.Bf2 Red8 25.Bc5 Bxf3 26.Bxd6 Bxd1 27.Bxf8 Bxc2 28.Rxd8 Nxd8
29.Kxc2 h5 30.b4 Ne6 31.Be7 e4 32.c4 f4 33.h3 g4 34.hxg4 hxg4 35.Kd2 Nd4
36.Bc5 Nf5 37.Ke2 g3 38.b5 a5 39.a4 Nh4 40.Kf1 e3 41.Bd4 f3 42.Bxe3 Nxg2
43.Bd2 Kb6 44.Kg1 Kc5 45.Bg5 Kb6 46.Bd8+ Kb7 47.Bxa5 Nf4  0-1

[Event "May Roses Cup"]
[Site "Bucharest ROM"]
[Date "2006.05.12"]
[Round "8"]
[White "Hermansson,E"]
[Black "Barnaure,V"]
[Result "1-0"]
[WhiteElo "2441"]
[BlackElo "2416"]

1.e4 c5 2.Nf3 d6 3.d4 Nf6 4.Nc3 cxd4 5.Nxd4 a6 6.Be3 e5 7.Nb3 Be6 8.f3 Be7
9.Qd2 O-O 10.O-O-O a5 11.Bb5 Na6 12.Qe2 Qb8 13.Kb1 Nc7 14.Ba4 Rc8 15.g4 Ra6
16.g5 Nd7 17.Bxd7 Bxd7 18.Nc5 dxc5 19.Rxd7 Bd8 20.Rhd1 Ne6 21.Qb5 Ra7 22.h4 g6
23.a4 h6 24.h5 Bxg5 25.Bxg5 Nxg5 26.hxg6 Kg7 27.gxf7 Rf8 28.Qxc5 b6 29.Qc6 Rxd7
30.Rxd7 Rxf7 31.Nd5 Qe8 32.Qf6+ Kh7 33.Rd8  1-0

[Event "ch-UKR sf"]
[Site "Alushta UKR"]
[Date "2006.05.13"]
[Round "1"]
[White "Podolsky,A"]
[Black "Zhornik,N"]
[Result "0-1"]
[WhiteElo "2004"]
[BlackElo "2313"]

1.e4 c5 2.Nf3 d6 3.d4 cxd4 4.Nxd4 Nf6 5.Nc3 a6 6.Be3 e5 7.Nb3 Be6 8.f3 Nbd7
9.Qd2 b5 10.O-O-O Be7 11.g4 Nb6 12.g5 Nfd7 13.h4 Nc4 14.Qf2 O-O 15.Nd5 Bxd5
16.Rxd5 Qc7 17.Rd1 a5 18.h5 Rfc8 19.c3 a4 20.Nd2 Nxb2 21.Nb1 Nxd1 22.Kxd1 b4
23.cxb4 d5 24.Bd3 Bxb4 25.exd5 Bc5 26.g6 fxg6 27.hxg6 h6 28.Bf5 Bxe3 29.Qxe3 Ra6
30.Nd2 Qc1+ 31.Ke2 Qxh1 32.Bxd7 Qh2+ 33.Kd1 Rd8 34.Be6+ Rxe6 35.dxe6 Rxd2+
36.Qxd2 Qxd2+ 37.Kxd2 Kf8 38.Kc3 Ke7 39.Kb4 h5 40.Kxa4 h4  0-1

[Event "1st Magistral Espirito Sancto"]
[Site "Vitoria BRA"]
[Date "2006.05.15"]
[Round "1"]
[White "Bittencourt,J"]
[Black "Di Berardino,D"]
[Result "1/2-1/2"]
[WhiteElo "2395"]
[BlackElo "2342"]

1.e4 c5 2.Nf3 d6 3.d4 cxd4 4.Nxd4 Nf6 5.Nc3 a6 6.Be3 e5 7.Nf3 Be7 8.Bc4 O-O
9.O-O Be6 10.Bb3 Nc6 11.Bg5 Nd7 12.Bxe7 Qxe7 13.Nd5 Qd8 14.h3 Rc8 15.Re1 b5
16.Qd2 Nc5 17.Re2 h6 18.Rd1 f5 19.exf5 Rxf5 20.Nb4 Nxb4  1/2-1/2

[Event "Muresul Cup"]
[Site "Arad ROM"]
[Date "2006.05.20"]
[Round "1"]
[White "Erdogdu,M"]
[Black "Ardeleanu,A"]
[Result "1/2-1/2"]
[WhiteElo "2375"]
[BlackElo "2424"]

1.e4 c5 2.Nf3 d6 3.d4 cxd4 4.Nxd4 Nf6 5.Nc3 a6 6.Be3 e5 7.Nb3 Be6 8.f3 Be7
9.Qd2 O-O 10.O-O-O a5 11.Bb5 Nc6 12.Qf2 Qb8 13.Kb1 Rc8 14.Na4 Nd7 15.f4 exf4
16.Bxf4 b6 17.Nd4 Nxd4 18.Qxd4 Nc5 19.Nc3 Bf6 20.Qe3 Bxc3 21.Qxc3 Nxe4 22.Qd4 Qb7
23.Be3 a4 24.a3 d5 25.Qe5 Qc7 26.Qxc7 Rxc7 27.Bxb6 Nc3+ 28.bxc3 Rb7 29.Rd4 Rxb6
30.Rb4 g5 31.Rd1 Ra5 32.Be8 Rba6 33.Rdd4 Kf8 34.Bb5 Ra7 35.Ka2 Rc7 36.Kb2 Kg7
37.Be8 Re7 38.Bc6 h5 39.Rb5 Rxb5+ 40.Bxb5 h4 41.Bxa4 Kf6 42.Bc6 Ke5 43.a4 Rc7
44.Bb5 f5 45.Rd1 f4 46.Re1+ Kd6 47.Kb3 h3 48.Re2 hxg2 49.Rxg2 g4 50.Kb4 f3
51.Rf2 Rf7 52.a5 Rf4+ 53.Kb3 Kc5 54.Bd3 Rf8 55.Kb2 Bf5 56.Kc1 d4 57.Kd2 Bxd3
58.Kxd3 dxc3 59.Kxc3 Kb5 60.Kd3 Kxa5 61.Ke3 Kb4 62.h3 gxh3 63.Rxf3  1/2-1/2

[Event "3rd All-China Games"]
[Site "Suzhou CHN"]
[Date "2006.05.20"]
[Round "2"]
[White "Wang Hao"]
[Black "Ju Wenjun"]
[Result "1/2-1/2"]
[WhiteElo "2605"]
[BlackElo "2330"]

1.e4 c5 2.Nf3 d6 3.d4 cxd4 4.Nxd4 Nf6 5.Nc3 a6 6.Be3 e5 7.Nb3 Be6 8.Qd2 Be7
9.f3 Nbd7 10.g4 O-O 11.O-O-O b5 12.g5 b4 13.Ne2 Ne8 14.Ng3 a5 15.Kb1 a4 16.Nc1 b3
17.cxb3 axb3 18.a3 Nc7 19.f4 exf4 20.Bxf4 Nc5 21.Bxd6 Bxg5 22.Qc3 Rc8 23.Qxc5 Ne8
24.Bxf8 Rxc5 25.Bc4 Qxd1 26.Rxd1 Rxc4 27.Bb4 Rc2 28.Nd3 Rxh2 29.Nf5 Bxf5
30.exf5 h5 31.a4 Re2 32.a5 Nc7 33.Bd6 Nb5 34.Bc5 Bf6 35.a6 Re4 36.Nc1 Ra4
37.Nxb3 Rxa6 38.Nd2 Ra4 39.Rf1 h4 40.Kc2 Rg4 41.Kd3 Nc7 42.b4 h3 43.Rh1 Rg3+
44.Ke4 Na6 45.Bd6 Rg2 46.Kd3 Rg5 47.b5 Rxf5 48.Kc4 Be5 49.Bxe5 Rxe5 50.bxa6 Ra5
51.Rxh3 Rxa6 52.Kd4 Rd6+ 53.Ke3 Rh6 54.Rg3 Rg6 55.Rxg6 fxg6  1/2-1/2

[Event "3rd All-China Games"]
[Site "Suzhou CHN"]
[Date "2006.05.21"]
[Round "3"]
[White "Yu Lie"]
[Black "Lin Weiguo"]
[Result "1-0"]
[WhiteElo "2334"]
[BlackElo "2448"]

1.e4 c5 2.Nf3 d6 3.d4 cxd4 4.Nxd4 Nf6 5.Nc3 a6 6.Be3 e5 7.Nb3 Be6 8.Qd2 Nbd7
9.f3 b5 10.O-O-O Be7 11.g4 b4 12.Ne2 a5 13.Kb1 O-O 14.g5 Ne8 15.h4 Nc7 16.f4 a4
17.Nbc1 exf4 18.Nxf4 Rb8 19.Ncd3 Ne5 20.Nxb4 Bg4 21.Rc1 Bf3 22.Bg2 Bxg2 23.Nxg2 d5
24.c3 Nc4 25.Qe1 d4 26.Rd1 Ne6 27.Bxd4 Bxb4 28.cxb4 Nxd4 29.Qc3 Nb5 30.Qxc4 Qe7
31.a3 Nd6 32.Qc5 Qxe4+ 33.Qc2 Qe5 34.Rhe1 Qg3 35.Qd3 Qxg2 36.Qxd6 Rbc8 37.Rd2 Qh3
38.Qd4 g6 39.Ka1 Qf5 40.Rf2 Qh3 41.Ref1 Rcd8 42.Qc4 Rc8 43.Rxf7 Qxf1+ 44.Qxf1 Rxf7
45.Qd1 Rc4 46.Qxa4 Rxh4 47.Qe8+ Kg7 48.Qe5+ Kg8 49.b5 Rh1+ 50.Ka2 Rd1 51.b6 Rdd7
52.a4 Rde7 53.Qb8+ Rf8 54.Qd6  1-0

[Event "1st Magistral Espirito Sancto"]
[Site "Vitoria BRA"]
[Date "2006.05.21"]
[Round "9"]
[White "Rodriguez,And URU"]
[Black "Bittencourt,J"]
[Result "1/2-1/2"]
[WhiteElo "2502"]
[BlackElo "2395"]

1.e4 c5 2.Nc3 d6 3.Nf3 Nf6 4.d4 cxd4 5.Nxd4 a6 6.Be3 e5 7.Nb3 Be6 8.Qd2 Nbd7
9.f4 Rc8 10.f5 Bxb3 11.axb3 d5 12.exd5 Bb4 13.Qd3 Nc5 14.Bxc5 Rxc5 15.O-O-O Bxc3
16.bxc3 Rxd5 17.Qf3 Rxd1+ 18.Qxd1 Qxd1+ 19.Kxd1 Ne4 20.Ke2 Ke7 21.c4 h5 22.Ke3 Nd6
23.Bd3 Kf6 24.Rf1 Rc8 25.Be2 Nxf5+ 26.Ke4 g6 27.Bxh5 Ke6 28.Bg4 Rd8 29.c3 Rd2
30.Bh3 a5 31.Ra1 b6 32.c5 Re2+ 33.Kd3 Rb2 34.g4 Ne7 35.g5+ Nf5 36.cxb6 Rxb3
37.Rxa5 Rxb6 38.Ke4 f6 39.gxf6 Kxf6 40.Rxe5 Rb2 41.Rc5 Re2+  1/2-1/2

[Event "3rd All-China Games"]
[Site "Suzhou CHN"]
[Date "2006.05.22"]
[Round "6"]
[White "Liang Jinrong"]
[Black "Du Shan"]
[Result "1/2-1/2"]
[WhiteElo "2467"]
[BlackElo "2399"]

1.e4 c5 2.Nf3 d6 3.d4 Nf6 4.Nc3 cxd4 5.Nxd4 a6 6.Be3 e5 7.Nf3 Be7 8.Bc4 Qc7
9.Bb3 O-O 10.Bg5 Nc6 11.Bxf6 Bxf6 12.Nd5 Qd8 13.c3 b5 14.Qd3 Na5 15.Rd1 Nxb3
16.axb3 Bg5 17.O-O Bb7 18.Nxg5 Qxg5 19.Qg3 Qd8 20.Rd2 f5 21.exf5 Rxf5 22.Rfd1 Rg5
23.Qe3 Rg6 24.f3 Qf8 25.Kh1 Re8 26.c4 Qf7 27.Qe2 bxc4 28.bxc4 a5 29.Nc3 Ree6
30.Ne4 Bxe4 31.Qxe4 Qa7 32.Qc6 h6 33.h3 Kh7 34.Qe4 Qb6 35.Qc2 Kg8 36.Rd5 Qe3
37.Qd2 Qb3 38.Rxa5 Qxc4 39.Qd3 Qxd3 40.Rxd3 e4 41.fxe4 Rxe4 42.Rd2 Rb4 43.Ra6 Kh7
44.Raxd6  1/2-1/2

[Event "Muresul Cup"]
[Site "Arad ROM"]
[Date "2006.05.23"]
[Round "5"]
[White "Erdogdu,M"]
[Black "Bach,A"]
[Result "1-0"]
[WhiteElo "2375"]
[BlackElo "2287"]

1.e4 c5 2.Nf3 d6 3.d4 cxd4 4.Nxd4 Nf6 5.Nc3 a6 6.Be3 e5 7.Nb3 Be6 8.f3 Be7
9.Qd2 O-O 10.O-O-O Nbd7 11.g4 b5 12.g5 b4 13.Ne2 Ne8 14.f4 a5 15.f5 a4 16.fxe6 axb3
17.exf7+ Rxf7 18.Kb1 Rxa2 19.Nc1 bxc2+ 20.Qxc2 Rxf1 21.Rhxf1 Ra8 22.Qc4+ Kh8
23.Nb3 Bxg5 24.Bxg5 Qxg5  1-0

[Event "3rd All-China Games"]
[Site "Suzhou CHN"]
[Date "2006.05.24"]
[Round "7"]
[White "Wang Pin"]
[Black "Zhang Jilin"]
[Result "1/2-1/2"]
[WhiteElo "2393"]
[BlackElo "2294"]

1.e4 c5 2.Nf3 d6 3.d4 cxd4 4.Nxd4 Nf6 5.Nc3 a6 6.Be3 e5 7.Nb3 Be7 8.Qd2 Be6
9.f4 exf4 10.Bxf4 d5 11.exd5 Nxd5 12.Nxd5 Qxd5 13.Qxd5 Bxd5 14.O-O-O Be6
15.Na5 b6 16.Nc4 Bc5 17.Nd6+ Ke7 18.Ne4 Nd7 19.Nxc5 Nxc5 20.Bd6+ Kf6 21.Be2 Kg6
22.g4 f6 23.Rhe1 Rhe8 24.b3 Kf7 25.Kb2 Rac8 26.a4 g6 27.h3 Ra8 28.a5 Nd7
29.Bf3 Ra7 30.axb6 Nxb6 31.Bc5 Rb8 32.Rxe6 Na4+ 33.Ka3 Nxc5 34.Rc6 Nd7 35.Rdd6 a5
36.Ra6 Rxa6 37.Rxa6 Rc8 38.c4 f5 39.gxf5 gxf5 40.Bd5+ Ke7 41.Rxa5 f4 42.Ra7 Kd6
43.Kb4 Rf8 44.Ra6+ Ke5 45.Bf3 Rb8+ 46.Kc3 Rxb3+ 47.Kxb3 Nc5+ 48.Kb4 Nxa6+
49.Kb5 Nc7+ 50.Kb6 Ne6 51.c5 Nxc5 52.Kxc5 h6  1/2-1/2

[Event "Summer-1"]
[Site "Alushta UKR"]
[Date "2006.06.04"]
[Round "4"]
[White "Rozhkov,V"]
[Black "Podgursky,S"]
[Result "0-1"]
[WhiteElo "2191"]
[BlackElo "2314"]

1.e4 c5 2.Nf3 d6 3.d4 cxd4 4.Nxd4 Nf6 5.Nc3 a6 6.Be3 e6 7.a4 Nc6 8.f4 Qc7
9.Be2 Be7 10.O-O O-O 11.Nb3 b6 12.Bf3 Rb8 13.Qe1 Nd7 14.g4 Re8 15.Bg2 Na5
16.g5 g6 17.Rf3 Bb7 18.Rh3 Nxb3 19.cxb3 Nc5 20.Qd1 Rbc8 21.Rc1 Qb8 22.b4 Nd7
23.Qg4 Rc4 24.Qh4 h5 25.Bf3 Bf8 26.Bxh5 gxh5 27.Qxh5 Bg7 28.Qh7+ Kf8 29.f5 exf5
30.Qxf5 Ne5 31.Rh7 Qc8  0-1

[Event "28th Nezhmetdinov mem"]
[Site "Kazan RUS"]
[Date "2006.06.04"]
[Round "4"]
[White "Gutenev,A"]
[Black "Askarov,M"]
[Result "0-1"]
[WhiteElo "2168"]
[BlackElo "2438"]

1.e4 c5 2.Nf3 d6 3.d4 cxd4 4.Nxd4 Nf6 5.Nc3 a6 6.Be3 e6 7.g4 Nc6 8.g5 Nd7
9.h4 Be7 10.Qe2 O-O 11.O-O-O Nxd4 12.Bxd4 b5 13.a3 Rb8 14.f4 Re8 15.Bh3 b4
16.axb4 Rxb4 17.g6 hxg6 18.h5 Bf6 19.hxg6 Rxd4 20.Rxd4 Bxd4 21.Qh5 f5 22.Bxf5 Kf8
23.Bxe6 Bxc3 24.bxc3 Qf6 25.Bf7 Qxf4+ 26.Kb2 Rd8 27.Bc4 Ke7 28.Qh7 Qf8 29.e5 Nxe5
30.Bd5 Be6 31.Bxe6 Kxe6 32.Qh3+ Qf5  0-1

[Event "28th Nezhmetdinov mem"]
[Site "Kazan RUS"]
[Date "2006.06.08"]
[Round "8"]
[White "Gutenev,A"]
[Black "Ozolin,M"]
[Result "0-1"]
[WhiteElo "2168"]
[BlackElo "2393"]

1.e4 c5 2.Nf3 d6 3.d4 cxd4 4.Nxd4 Nf6 5.Nc3 a6 6.Be3 e5 7.Nb3 Be6 8.f3 Be7
9.Qd2 O-O 10.O-O-O Nbd7 11.g4 b5 12.g5 b4 13.gxf6 bxc3 14.Qxc3 Nxf6 15.Kb1 Rc8
16.Qd2 a5 17.Bg5 a4 18.Nc1 Nxe4 19.fxe4 Bxg5 20.Qxd6 Qa5 21.Qa3 Qc7 22.c3 Rb8
23.Bd3 Be7 24.Qxa4 Qxc3 25.Qc2 Qa5 26.Nb3 Rxb3 27.axb3 Ra8 28.Qc3 Bb4 29.Qc6 Qa2+
30.Kc1 Rc8 31.Qxc8+ Bxc8 32.Bc4 Qa5 33.Rd5 Qa1+  0-1

[Event "ch-StP"]
[Site "St Petersburg RUS"]
[Date "2006.06.08"]
[Round "6"]
[White "Popov,Val"]
[Black "Anisimov,P"]
[Result "1-0"]
[WhiteElo "2587"]
[BlackElo "2500"]

1.e4 c5 2.Nc3 d6 3.Nf3 Nf6 4.d4 cxd4 5.Nxd4 a6 6.Be3 e5 7.Nde2 Be7 8.Ng3 Be6
9.Be2 Nbd7 10.O-O Nb6 11.Qd2 Rc8 12.Rfd1 Nc4 13.Bxc4 Rxc4 14.Bg5 Rd4 15.Qe1 O-O
16.b3 h6 17.Bd2 Qc7 18.f3 d5 19.Nce2 dxe4 20.Nxd4 exd4 21.Nxe4 Nd5 22.c4 dxc3
23.Nxc3 Nb4 24.Qe2 Bd6 25.h3 Nc2 26.Rac1 Nd4 27.Qf2 Nc6 28.Kh1 Ba3 29.Rb1 Ne7
30.Ne4 Nf5 31.g4 Ne7 32.Bc1 f5 33.Bxa3 fxe4 34.Rbc1 Qa5 35.Qc5 Qxc5 36.Bxc5 Rxf3
37.Bxe7 Rxh3+ 38.Kg2 Bxg4 39.Rd8+ Kh7 40.Rc7 Kg6 41.Bf8  1-0

[Event "ch-StP"]
[Site "St Petersburg RUS"]
[Date "2006.06.09"]
[Round "7"]
[White "Alekseev,Evgeny"]
[Black "Ionov,S"]
[Result "1-0"]
[WhiteElo "2640"]
[BlackElo "2519"]

1.e4 c5 2.Nf3 d6 3.d4 cxd4 4.Nxd4 Nf6 5.Nc3 a6 6.Be3 e5 7.Nb3 Be6 8.Qd2 Nbd7
9.O-O-O Be7 10.f4 Ng4 11.g3 Nxe3 12.Qxe3 Rc8 13.Kb1 Nf6 14.h3 Qc7 15.f5 Bc4
16.Bxc4 Qxc4 17.g4 h6 18.Rhg1 b5 19.a3 b4 20.axb4 Qxb4 21.h4 Nd7 22.g5 hxg5
23.hxg5 Nb6 24.Rh1 Rg8 25.Nd5 Nxd5 26.Rxd5 Bxg5 27.Qxg5 Qxe4 28.Rhd1 Qxc2+
29.Ka2 Rc4 30.Rxe5+  1-0

[Event "TCh-NOR"]
[Site "Oslo NOR"]
[Date "2006.06.10"]
[Round "4"]
[White "Dannevig,O"]
[Black "Sahl,Bj"]
[Result "1/2-1/2"]
[WhiteElo "2329"]
[BlackElo "2381"]

1.e4 c5 2.Nf3 d6 3.d4 cxd4 4.Nxd4 Nf6 5.Nc3 a6 6.Be3 e5 7.Nb3 Be6 8.Qd2 Nbd7
9.f3 h5 10.O-O-O Rc8 11.Kb1 Qc7 12.f4 Nb6 13.f5 Nc4 14.Bxc4 Bxc4 15.Bg5 Be7
16.Bxf6 gxf6 17.Qf2 a5 18.a4 Rg8 19.g3 Rg4 20.h3 Rg5 21.Rhe1 Bd8 22.Nd2 Ba6
23.Nf1 Qd7 24.h4 Rg8 25.Qf3 Rg4 26.Nh2 Rg8 27.Re3 Rh8 28.g4 Kf8 29.gxh5 Bb6
30.Ng4 Bxe3 31.Qxe3 Rxc3 32.Qxc3 Be2 33.Nxf6 Qd8 34.Rd2 Qxf6 35.Rxe2 Qd8
36.f6 Rh6 37.Qb3 Qxf6 38.Ka2 Qe6 39.c4 Rxh5 40.Rc2 Qe7 41.Rh2 Qc7 42.Kb1 Qc5
43.Rh1 Qc6 44.Qf3 Rh6 45.b3 Qb6 46.h5 Qd8 47.Rf1 Qd7 48.Kb2 Qe6 49.Rh1 Qf6
50.Qe3 Qf4 51.Qxf4 exf4 52.Kc3 Ke7 53.Rh4 Ke6 54.Kd4 b6 55.Rxf4 Rxh5 56.Rf3 f6
57.Rg3 Rh1 58.Rf3 Rb1 59.Kc3 Rc1+ 60.Kd4 Rb1 61.Kc3 Re1 62.Kd4 Rb1 63.Kc3 Re1  1/2-1/2

[Event "TCh-NOR"]
[Site "Oslo NOR"]
[Date "2006.06.10"]
[Round "4"]
[White "Hammer,J"]
[Black "Ekeberg,C"]
[Result "1/2-1/2"]
[WhiteElo "2287"]
[BlackElo "2272"]

1.e4 c5 2.Nf3 d6 3.d4 cxd4 4.Nxd4 Nf6 5.Nc3 a6 6.Be3 e5 7.Nf3 Be7 8.Bc4 O-O
9.O-O Be6 10.Bxe6 fxe6 11.Qe2 b5 12.Rfd1 Qc7 13.Ng5 Qc8 14.f3 h6 15.Nh3 Qc6
16.Nf2 Nbd7 17.Nd3 Qc4 18.a4 b4 19.Nb1 a5 20.Nd2 Qc6 21.b3 Rfc8 22.Rac1 d5
23.Bf2 Bc5 24.Kf1 Bxf2 25.Nxf2 Qb6 26.Nd3 Rc7 27.exd5 exd5 28.Nxe5 Nxe5 29.Qxe5 Re8
30.Qg3 Rce7 31.Re1 Qa6+ 32.Kg1 Qb6+ 33.Kf1 Qa6+ 34.Kg1 Qb6+ 35.Kf1  1/2-1/2

[Event "ch-FIN"]
[Site "Helsinki FIN"]
[Date "2006.06.11"]
[Round "2"]
[White "Tiitta,S"]
[Black "Vuorisalo,V"]
[Result "0-1"]
[WhiteElo "2230"]
[BlackElo "2184"]

1.e4 c5 2.Nf3 d6 3.d4 cxd4 4.Nxd4 Nf6 5.Nc3 a6 6.Be3 e5 7.Nb3 Be7 8.f3 Be6
9.Nd5 Nxd5 10.exd5 Bf5 11.Bd3 Bh4+ 12.g3 Bg5 13.Bf2 Bxd3 14.Qxd3 O-O 15.O-O Nd7
16.a4 f5 17.a5 Qf6 18.Be1 Rae8 19.Ra4 Qg6 20.Rb4 e4 21.fxe4 fxe4 22.Rxf8+ Kxf8
23.Qe2 Nf6 24.c4 Ng4 25.Rxb7 Kg8 26.Bc3 Be3+ 27.Kh1 Bh6 28.Nd4 e3 29.Kg2 Rf8
30.Ne6 Qe4+ 31.Kg1 Nf2 32.Qxe3 Qh1+  0-1

[Event "Open A"]
[Site "Voronezh RUS"]
[Date "2006.06.12"]
[Round "1"]
[White "Zontakh,A"]
[Black "Stepanov,AP"]
[Result "1-0"]
[WhiteElo "2553"]
[BlackElo "2300"]

1.e4 c5 2.Nf3 d6 3.d4 cxd4 4.Nxd4 Nf6 5.Nc3 a6 6.Be3 e6 7.f3 b5 8.g4 Qc7
9.Qd2 Nc6 10.O-O-O Ne5 11.g5 Nfd7 12.f4 Nc4 13.Bxc4 Qxc4 14.Kb1 Bb7 15.a3 Rc8
16.Nb3 Qc7 17.Rhf1 Nc5 18.Nxc5 dxc5 19.f5 b4 20.fxe6 fxe6 21.Bf4 bxc3 22.Qxc3 Qc6
23.Be5 Rc7 24.Bxc7 Qxc7 25.Qh3 Bc8 26.g6 h6 27.Rf7 Qb6 28.Qf3 e5 29.Rf1  1-0

[Event "Open A"]
[Site "Voronezh RUS"]
[Date "2006.06.13"]
[Round "2"]
[White "Kim,Alex"]
[Black "Zakhartsov,V"]
[Result "1/2-1/2"]
[WhiteElo "2446"]
[BlackElo "2547"]

1.e4 c5 2.Nf3 d6 3.d4 cxd4 4.Nxd4 Nf6 5.Nc3 a6 6.Be3 e5 7.Nb3 Be6 8.f3 h5
9.Qd2 Nbd7 10.a4 Rc8 11.a5 Qc7 12.Be2 Be7 13.O-O O-O 14.Kh1 Rfd8 15.Rfd1 d5
16.exd5 Nxd5 17.Nxd5 Bxd5 18.Qxd5 Nf6 19.Qc4 Qxc4 20.Bxc4 Rxc4 21.Rxd8+ Bxd8
22.c3 Be7 23.Bg5 Kf8 24.Kg1 Nd7 25.Bxe7+ Kxe7 26.Kf2 f5  1/2-1/2

[Event "Summer-1"]
[Site "Alushta UKR"]
[Date "2006.06.14"]
[Round "18"]
[White "Sumets,A"]
[Black "Rozhkov,V"]
[Result "1/2-1/2"]
[WhiteElo "2461"]
[BlackElo "2191"]

1.e4 c5 2.Nf3 d6 3.d4 cxd4 4.Nxd4 Nf6 5.Nc3 a6 6.Be3 e5 7.Nb3 Be7 8.f3 O-O
9.Qd2 Be6 10.O-O-O Nbd7 11.g4 b5 12.g5 Nh5 13.Nd5 Bxd5 14.exd5 b4 15.Kb1 a5
16.Bb5 Nb6 17.Qf2  1/2-1/2

[Event "Open A"]
[Site "Voronezh RUS"]
[Date "2006.06.14"]
[Round "3"]
[White "Zontakh,A"]
[Black "Panarin,M"]
[Result "1/2-1/2"]
[WhiteElo "2553"]
[BlackElo "2491"]

1.e4 c5 2.Nf3 d6 3.d4 cxd4 4.Nxd4 Nf6 5.Nc3 a6 6.Be3 e6 7.f3 b5 8.Qd2 b4
9.Na4 Nbd7 10.c4 bxc3 11.Nxc3 Bb7 12.Be2 d5 13.exd5 Nxd5 14.Nxd5 Bxd5 15.O-O Qb8
16.Nf5 Qe5 17.Ng3 Bb4 18.Qxb4 Qxe3+ 19.Kh1 Rb8 20.Qa4 Rxb2 21.Bxa6 Qd2 22.Ne2 Rxa2
23.Rxa2 Qxa2 24.Qxa2 Bxa2 25.Ra1 Bd5 26.Bb5 Ke7 27.Bxd7 Kxd7 28.Ra7+ Ke8
29.Nc3 Rf8 30.Nb5 Kd8 31.Nd6 e5 32.Nf5 g6 33.Ne7 Ba8 34.Nxg6  1/2-1/2

[Event "Open A"]
[Site "Voronezh RUS"]
[Date "2006.06.14"]
[Round "3"]
[White "Kruchev,B"]
[Black "Vrublevskaya,O"]
[Result "0-1"]
[WhiteElo "2328"]
[BlackElo "2152"]

1.e4 c5 2.Nf3 d6 3.d4 cxd4 4.Nxd4 Nf6 5.Nc3 a6 6.Be3 e6 7.Bd3 Nc6 8.Nb3 Be7
9.O-O b5 10.f4 O-O 11.Qf3 Bd7 12.Rae1 b4 13.Ne2 e5 14.f5 Re8 15.Ng3 Na5 16.Nd2 Bc6
17.Nh5 d5 18.Nxf6+ Bxf6 19.Qh5 d4 20.Bf2 Bb5 21.Nf3 Rc8 22.g4 Nc4 23.g5 Be7
24.g6 fxg6 25.fxg6 hxg6 26.Qg4 Qd6 27.b3 Ne3 28.Bxe3 Bxd3 29.cxd3 dxe3 30.Kh1 Rc2
31.Rxe3 Rf8 32.Rg1 Rxa2 33.d4 exd4 34.e5 Qc6 35.Re4 g5 36.Nxd4 Qc8 37.e6 Qc7
38.Re2 Rf2 39.Rxf2 Rxf2 40.Nf3 Qc6 41.Rg3 Re2 42.h4 Re4 43.Qf5 Rf4 44.Qd3 g4  0-1

[Event "2nd Goran"]
[Site "Bibinje CRO"]
[Date "2006.06.16"]
[Round "9"]
[White "Sax,G"]
[Black "Jakic,I"]
[Result "1-0"]
[WhiteElo "2535"]
[BlackElo "2352"]

1.e4 c5 2.Nf3 d6 3.d4 cxd4 4.Nxd4 Nf6 5.Nc3 a6 6.Be3 e6 7.f4 Nc6 8.Qf3 Qc7
9.Bd3 Be7 10.O-O O-O 11.Kh1 Bd7 12.Qg3 b5 13.Nf3 b4 14.Ne2 e5 15.f5 Kh8 16.Qh3 g6
17.Ng5 gxf5 18.Qh6 Nd8 19.Nf4 Rg8 20.Nd5  1-0

[Event "National Open"]
[Site "Las Vegas USA"]
[Date "2006.06.18"]
[Round "5"]
[White "Abrahamyan,T"]
[Black "Arjun,V"]
[Result "0-1"]
[WhiteElo "2262"]
[BlackElo "2221"]

1.e4 c5 2.Nf3 d6 3.d4 cxd4 4.Nxd4 Nf6 5.Nc3 a6 6.Be3 e5 7.Nb3 Be6 8.f3 h5
9.Qd2 Nbd7 10.O-O-O b5 11.Nd5 Bxd5 12.exd5 Nb6 13.Bxb6 Qxb6 14.Bd3 g6 15.Kb1 Bh6
16.Qe1 O-O 17.Qh4 Kg7 18.Rhe1 a5 19.g4 Bf4 20.g5 Nh7 21.Nd2 Nxg5 22.Ne4 Nxe4
23.Bxe4 Qd8 24.Qh3 Rh8 25.Rg1 Rh6 26.Rg2 b4 27.Rdg1 Qe8 28.Bf5 Ra7 29.Be4 a4
30.Qh4 Qd7 31.Bd3 Qc7 32.Qe1 Qc5 33.Qe4 Kf8 34.h4 Rc7 35.Qe1 a3  0-1

[Event "Open A"]
[Site "Balatonlelle HUN"]
[Date "2006.06.19"]
[Round "3"]
[White "Grandelius,N"]
[Black "Berczes,D"]
[Result "1/2-1/2"]
[WhiteElo "2113"]
[BlackElo "2450"]

1.e4 c5 2.Nf3 d6 3.d4 cxd4 4.Nxd4 Nf6 5.Nc3 a6 6.Be3 Ng4 7.Bc1 Nf6 8.Be3 e5
9.Nb3 Be6 10.f3 h5 11.Be2 Nbd7 12.O-O b5 13.Kh1 Be7 14.a4 b4 15.Nd5 Bxd5
16.exd5 Nb6 17.Bxb6 Qxb6 18.a5 Qa7 19.g3 h4 20.g4 Qb7 21.Bc4 O-O 22.Qe2 Rfc8
23.Rfd1 Rc7 24.Ra4 g6 25.h3 Nd7 26.Ra2 Bg5 27.Nd2 Bxd2 28.Rxd2 Nc5 29.b3 Re7
30.Qe3 Ree8 31.Ra1 Qe7 32.Re1 Qd8 33.Ra1 Ra7 34.Re2 Qf6 35.Rf1 Rae7 36.Kg2 Kh7
37.Qd2 e4 38.fxe4 Qe5 39.Qf4 Qxf4 40.Rxf4 g5 41.Rf3 Kg7 42.Rfe3 f6 43.Re1 Ra7
44.Ra1 Rb8 45.Be2 Nd7 46.Ra4 Nc5 47.Ra1 Re8 48.Re1 Rae7 49.Bc4  1/2-1/2

[Event "Open A"]
[Site "Voronezh RUS"]
[Date "2006.06.19"]
[Round "7"]
[White "Zontakh,A"]
[Black "Gabrielian,A"]
[Result "1/2-1/2"]
[WhiteElo "2553"]
[BlackElo "2520"]

1.e4 c5 2.Nf3 d6 3.d4 cxd4 4.Nxd4 Nf6 5.Nc3 a6 6.Be3 e6 7.Be2 Be7 8.f4 Qc7
9.a4 Nc6 10.O-O O-O 11.Kh1 Re8 12.Bf3 Rb8  1/2-1/2

[Event "Open A"]
[Site "Voronezh RUS"]
[Date "2006.06.19"]
[Round "7"]
[White "Rudnev,Y"]
[Black "Kondenko,A"]
[Result "1-0"]
[WhiteElo "2142"]
[BlackElo "2318"]

1.e4 c5 2.Nf3 d6 3.d4 cxd4 4.Nxd4 Nf6 5.Nc3 a6 6.Be3 Nbd7 7.f3 h5 8.Qd2 e6
9.O-O-O b5 10.Kb1 Bb7 11.Bd3 Nc5 12.Qf2 Rc8 13.Nb3 Nfd7 14.Rhe1 Be7 15.Bd4 b4
16.Ne2 e5 17.Be3 Qc7 18.Nec1 Ne6 19.g3 g5 20.Qd2 a5 21.Bb5 g4 22.Nd3 gxf3
23.Nxe5 Nf8 24.Nxd7 Nxd7 25.Bf4 O-O 26.Nd4 Ne5 27.Nf5 Rfd8 28.Bxe5 dxe5 29.Bd3 Rd6  1-0

[Event "ITT Club Argentino"]
[Site "Buenos Aires ARG"]
[Date "2006.06.21"]
[Round "1"]
[White "Orsini,A"]
[Black "Quiroga,F"]
[Result "0-1"]
[WhiteElo "2290"]
[BlackElo "2332"]

1.e4 c5 2.Nf3 d6 3.d4 cxd4 4.Nxd4 Nf6 5.Nc3 a6 6.Be3 e5 7.Nde2 Be6 8.f4 g6
9.Qd2 Nbd7 10.O-O-O Rc8 11.h3 h5 12.g3 b5 13.Bg2 b4 14.Na4 Bxa2 15.Qxb4 d5
16.Qb7 Rc7 17.Qxa6 Bc4 18.Qa5 Bxe2 19.Nb6 Bxd1 20.Rxd1 Bc5  0-1